| 000 | 00515nam a22001817a 4500 | ||
|---|---|---|---|
| 003 | CEME | ||
| 005 | 20210628202745.0 | ||
| 008 | 210119b xxu||||| |||| 00| 0 eng d | ||
| 020 | _a967-978-823-7 | ||
| 040 | _c. | ||
| 082 | _a428 NAN | ||
| 100 |
_aNandy, Milon _961458 |
||
| 245 | _aMastering english the easy way, the all in one guide to basic english grammar | ||
| 260 |
_aMALAYSIA _bPENGIUN _c2002 |
||
| 300 | _a304P | ||
| 650 |
_aENGLISH LANGUAGE USAGE, ENGLISH LANGUAGE GRAMMAR _961459 |
||
| 942 |
_cBK _2ddc |
||
| 999 |
_c570903 _d570903 |
||